ESPN's Top 100 NBA Players 2024-2025 - Statistics

General Stats
  • This quiz has been taken 457 times
  • The average score is 74 of 100
Answer Stats
Team Player % Correct
Denver Nuggets Nikola Jokic
100%
Dallas Mavericks Luka Doncic
98%
Boston Celtics Jayson Tatum
94%
Los Angeles Lakers LeBron James
93%
Oklahoma City Thunder Shai Gilgeous-Alexander
93%
Golden State Warriors Stephen Curry
93%
Phoenix Suns Kevin Durant
92%
Los Angeles Lakers Anthony Davis
91%
Minnesota Timberwolves Anthony Edwards
91%
Phoenix Suns Devin Booker
91%
Boston Celtics Jaylen Brown
91%
Philadelphia 76ers Joel Embiid
91%
New York Knicks Jalen Brunson
90%
Memphis Grizzlies Ja Morant
89%
Indiana Pacers Tyrese Haliburton
89%
Milwaukee Bucks Damian Lillard
88%
New Orleans Pelicans Dejounte Murray
88%
Cleveland Cavaliers Donovan Mitchell
88%
Milwaukee Bucks Giannis Antetokounmpo
88%
Denver Nuggets Jamal Murray
88%
Miami Heat Jimmy Butler
88%
Los Angeles Clippers Kawhi Leonard
88%
Dallas Mavericks Kyrie Irving
88%
Philadelphia 76ers Tyrese Maxey
88%
Miami Heat Bam Adebayo
87%
Sacramento Kings De'Aaron Fox
87%
Oklahoma City Thunder Jalen Williams
87%
New York Knicks Karl-Anthony Towns
87%
Sacramento Kings Keegan Murray
87%
San Antonio Spurs Victor Wembanyama
87%
Sacramento Kings Domantas Sabonis
86%
Orlando Magic Paolo Banchero
86%
Philadelphia 76ers Paul George
86%
Atlanta Hawks Trae Young
86%
New Orleans Pelicans Zion Williamson
86%
Boston Celtics Derrick White
85%
Los Angeles Clippers James Harden
85%
Chicago Bulls Coby White
84%
Houston Rockets Jalen Green
83%
Boston Celtics Jrue Holiday
83%
Charlotte Hornets Lamelo Ball
83%
Minnesota Timberwolves Rudy Gobert
83%
Oklahoma City Thunder Chet Holmgren
82%
Golden State Warriors Draymond Green
82%
Minnesota Timberwolves Julius Randle
80%
Boston Celtics Kristaps Porzingis
80%
Dallas Mavericks Klay Thompson
79%
Indiana Pacers Pascal Siakam
79%
Cleveland Cavaliers Evan Mobley
78%
Orlando Magic Franz Wagner
78%
Toronto Raptors Scottie Barnes
78%
New Orleans Pelicans Brandon Ingram
77%
Cleveland Cavaliers Darius Garland
77%
Memphis Grizzlies Jaren Jackson Jr.
76%
Denver Nuggets Aaron Gordon
75%
Sacramento Kings Demar DeRozan
75%
New York Knicks Josh Hart
75%
New York Knicks Mikal Bridges
75%
Utah Jazz Lauri Markkanen
74%
Miami Heat Tyler Herro
74%
Chicago Bulls Zach LaVine
74%
Cleveland Cavaliers Jarrett Allen
73%
Houston Rockets Alperen Sengun
72%
Detroit Pistons Cade Cunningham
71%
Phoenix Suns Bradley Beal
70%
San Antonio Spurs Chris Paul
69%
Milwaukee Bucks Khris Middleton
69%
Los Angeles Lakers Austin Reaves
68%
Denver Nuggets Michael Porter Jr.
68%
New York Knicks OG Anunoby
67%
Memphis Grizzlies Desmond Bane
66%
Indiana Pacers Myles Turner
66%
Boston Celtics Al Horford
64%
Houston Rockets Fred VanVleet
64%
Milwaukee Bucks Brook Lopez
62%
Oklahoma City Thunder Alex Caruso
61%
Golden State Warriors Andrew Wiggins
61%
Dallas Mavericks Dereck Lively II
61%
Toronto Raptors RJ Barrett
61%
Orlando Magic Jalen Suggs
59%
Charlotte Hornets Brandon Miller
58%
Minnesota Timberwolves Jaden McDaniels
58%
Minnesota Timberwolves Mike Conley
58%
New Orleans Pelicans CJ McCollum
57%
Oklahoma City Thunder Luguentz Dort
57%
Oklahoma City Thunder Isaiah Hartenstein
55%
New York Knicks Mitchell Robinson
54%
Minnesota Timberwolves Naz Reid
52%
Portland Trail Blazers Anfernee Simons
50%
Sacramento Kings Malik Monk
50%
Minnesota Timberwolves Donte DiVincenzo
49%
Toronto Raptors Immanuel Quickley
49%
New Orleans Pelicans Herbert Jones
47%
Orlando Magic Kentavious Caldwell-Pope
47%
Houston Rockets Jabari Smith Jr.
45%
Portland Trail Blazers Jerami Grant
44%
Memphis Grizzlies Marcus Smart
42%
Golden State Warriors Brandin Podziemski
38%
Washington Wizards Jonas Valanciunas
34%
Miami Heat Jaime Jaquez Jr.
32%
No matching quizzes found
Score Distribution
Percent of People with Each Score
Percentile by Number Answered
Your Score History
You have not taken this quiz